000 00954cam a2200217 4500
001 WB3739-29
008 011016n2001 000 0 eng u
035 _a(Sirsi) u115138
245 _aCouncils must protect local shops
260 _c2001
490 _aUrban Environment Today
_v 11 October 2001, 1(1)
520 _aRetail schemes in urban regeneration initiatives should consider local shops and local needs. A report by the Joseph Rowntree Foundation has found that many schemes seem to be aimed at the car-borne shopper rather than local residents and tend to push out existing businesses. "Retailing, sustainability and neighbourhood regeneration" is available from York Publishing Services, price £14.95; tel: 01904 430033.
590 _aWB
650 _aURBAN REGENERATION
650 _aLOCAL BUSINESSES
650 _aLOCAL COMMUNITIES
650 _aRETAIL SCHEMES
650 _aLOCAL SHOPS
690 _aREGENERATION
942 _n0
999 _c68574
_d68574